Estadísticas para Países cristianos

Haz click aquí para intentar la prueba.

Estadísticas generales

  • Esta prueba ha sido intentada 27 veces
  • La puntuación promedio es 11 de 15

Estadísticas de respuestas

HintRespuesta% Correcto
252.8 MillonesEstados Unidos
96%
118.7 MillonesMéxico
96%
185.4 MillonesBrasil
93%
48.7 MillonesItalia
93%
101.9 MillonesRusia
89%
53.1 MillonesAlemania
85%
48.1 MillonesColombia
85%
72.4 MillonesChina
78%
96 MillonesNigeria
63%
62.6 MillonesEtiopía
59%
102.3 MillonesFilipinas
59%
43.5 MillonesSudafrica
56%
44.4 MillonesKenia
44%
81.5 MillonesRepublica Democrática del Congo
41%
39.3 MillonesUganda
15%

Distribución de puntuación

Porcentaje por número respondido

Porcentaje de gente con cada puntuación

Historial de tus puntuaciones

No has intentado esta prueba.